[Event "NOE Landesliga 2017/2018"]
[Site "verschiedene"]
[Date "2018.02.18"]
[Round "8"]
[Board "1"]
[White "Blatny, Pavel"]
[Black "Froewis, Georg"]
[Result "1/2-1/2"]
[WhiteElo "2351"]
[BlackElo "2431"]
[PlyCount "169"]
[EventDate "2017.10.01"]
[EventType "team"]
[EventRounds "11"]
[EventCountry "AUT"]
[WhiteTeam "SK Zwettl"]
[BlackTeam "SG Voest Krems"]

1. b3 e5 2. Bb2 Nc6 3. e3 Nf6 4. g3 d5 5. Bg2 Bf5 6. d3 h5 7. h3 Qe7 8. Nd2
O-O-O 9. a3 g5 10. b4 e4 11. d4 Qe6 12. Ne2 Ne7 13. Nc1 Nd7 14. Ncb3 h4 15. g4
Bg6 16. Nc5 Nxc5 17. dxc5 Rg8 18. Nb3 f5 19. Nd4 Qf7 20. Qd2 Bg7 21. b5 b6 22.
c6 Bxd4 23. Bxd4 a5 24. Bc3 d4 25. Bxd4 f4 26. Bf1 Rgf8 27. O-O-O Bh7 28. c4 f3
29. c5 Bg8 30. Qc2 Qb3 31. cxb6 Qxa3+ 32. Qb2 Qxb2+ 33. Kxb2 cxb6 34. Rc1 Kc7
35. Bc4 Bxc4 36. Rxc4 Rd5 37. Ka1 Nc8 38. Rd1 Rf7 39. Rc2 Rxb5 40. Bb2 Na7 41.
Rc4 Nxc6 42. Ba3 Kb7 43. Rxe4 Ne5 44. Bb2 Rd7 45. Rxd7+ Nxd7 46. Re7 Rd5 47.
Bd4 b5 48. Rf7 b4 49. Rxf3 a4 50. Rf7 Kc6 51. f4 Nc5 52. Rf6+ Kb5 53. fxg5 Nb3+
54. Kb2 Nxd4 55. exd4 Rxd4 56. g6 a3+ 57. Kc2 Rc4+ 58. Kb1 b3 59. g7 a2+ 60.
Kb2 Rc2+ 61. Kxb3 a1=Q 62. Kxc2 Qa2+ 63. Kd3 Kc5 64. Ke4 Qc2+ 65. Kf4 Qh7 66.
Rf5+ Kd4 67. Kg5 Qxg7+ 68. Kxh4 Ke4 69. Kg3 Qc7+ 70. Kg2 Qc6 71. Kg3 Qc3+ 72.
Kg2 Qc7 73. Rf2 Qc6 74. Rf5 Ke3+ 75. Kh2 Ke2 76. Re5+ Kd1 77. Rf5 Qe4 78. Rf2
Ke1 79. Rf5 Qc2+ 80. Kg3 Qe2 81. Rf3 Qe5+ 82. Kg2 Qd5 83. Kg3 Qe4 84. Rf5 Qe3+
85. Kg2  1/2-1/2

[Event "NOE Landesliga 2017/2018"]
[Site "verschiedene"]
[Date "2018.02.18"]
[Round "8"]
[Board "2"]
[White "Kuba, Guenter"]
[Black "Vyskocil, Neklan"]
[Result "1/2-1/2"]
[WhiteElo "2331"]
[BlackElo "2325"]
[PlyCount "81"]
[EventDate "2017.10.01"]
[EventType "team"]
[EventRounds "11"]
[EventCountry "AUT"]
[WhiteTeam "SG Voest Krems"]
[BlackTeam "SK Zwettl"]

1. e4 c5 2. Nf3 Nc6 3. Bb5 g6 4. Bxc6 dxc6 5. d3 Bg7 6. h3 Nf6 7. Nc3 O-O 8.
Be3 b6 9. Qd2 e5 10. O-O Qd6 11. a4 a5 12. Nh2 Nh5 13. Ne2 Be6 14. b3 f5 15. f3
f4 16. Bf2 Nf6 17. Bh4 h6 18. Bxf6 Rxf6 19. Rfd1 g5 20. Kf2 Rg6 21. Qc3 h5 22.
Rh1 Ra7 23. Rag1 Bf8 24. g4 fxg3+ 25. Nxg3 Rh7 26. Nf5 Bxf5 27. exf5 Rgg7 28.
Re1 Re7 29. Re4 Qf6 30. Nf1 Qxf5 31. Ne3 Qf6 32. Ke2 Rhf7 33. Rf1 Qe6 34. Rh1
Bg7 35. Qc4 Qf6 36. Rf1 Kh7 37. Qa6 Qe6 38. Rh1 Qf6 39. Rf1 Qe6 40. Rh1 Qf6 41.
Rf1  1/2-1/2

[Event "NOE Landesliga 2017/2018"]
[Site "verschiedene"]
[Date "2018.02.18"]
[Round "8"]
[Board "3"]
[White "Zwettler, Martin"]
[Black "Kleiser, Gregor"]
[Result "1-0"]
[WhiteElo "2224"]
[BlackElo "2210"]
[PlyCount "111"]
[EventDate "2017.10.01"]
[EventType "team"]
[EventRounds "11"]
[EventCountry "AUT"]
[WhiteTeam "SK Zwettl"]
[BlackTeam "SG Voest Krems"]

1. c4 c6 2. Nf3 d5 3. d4 Nf6 4. e3 Bf5 5. cxd5 cxd5 6. Qb3 Qc8 7. Bd2 e6 8.
Bb5+ Nfd7 9. O-O Bd6 10. Bb4 Bxb4 11. Qxb4 Nc6 12. Qa3 a6 13. Bxc6 Qxc6 14.
Nbd2 b5 15. Rfc1 Qb6 16. Nb3 f6 17. Nc5 b4 18. Qa4 Qb5 19. Qb3 Rc8 20. e4 Nxc5
21. dxc5 Bxe4 22. Nd4 Qd7 23. f3 Bg6 24. Nxe6 Kf7 25. Nf4 Rhd8 26. Qxb4 Kg8 27.
Qd4 Bf7 28. b4 Qa4 29. a3 a5 30. h3 Kh8 31. Re1 Rb8 32. Reb1 Kg8 33. Ne2 Re8
34. Nc3 Qc2 35. Rc1 Qb2 36. Rcb1 Qc2 37. Ra2 Qg6 38. b5 Re5 39. c6 Rbe8 40.
Raa1 Re3 41. Kh2 Rd3 42. Qc5 Rd2 43. Rg1 Qg5 44. Qd6 Rd3 45. Rac1 d4 46. Ne4
Qxb5 47. c7 f5 48. Rc5 Qb7 49. Rxf5 Qc8 50. Rb5 Rb3 51. Rb1 a4 52. Rb8 Qf5 53.
R1xb3 axb3 54. Rxe8+ Bxe8 55. Qd8 Qe5+ 56. Ng3  1-0

[Event "NOE Landesliga 2017/2018"]
[Site "verschiedene"]
[Date "2018.02.18"]
[Round "8"]
[Board "4"]
[White "Woeber, Friedrich"]
[Black "Mlynek, Petr"]
[Result "1-0"]
[WhiteElo "2140"]
[BlackElo "2135"]
[PlyCount "73"]
[EventDate "2017.10.01"]
[EventType "team"]
[EventRounds "11"]
[EventCountry "AUT"]
[WhiteTeam "SG Voest Krems"]
[BlackTeam "SK Zwettl"]

1. e4 c6 2. d4 d5 3. exd5 cxd5 4. Bd3 Nc6 5. c3 Nf6 6. Bf4 Bg4 7. Qb3 Qd7 8.
Nd2 e6 9. Ngf3 Bd6 10. Bxd6 Qxd6 11. O-O O-O 12. Rae1 Bh5 13. Ne5 Bg6 14. Bxg6
hxg6 15. Qxb7 Na5 16. Qb5 Qc7 17. Qd3 Rfc8 18. Rc1 Nc4 19. Ndxc4 dxc4 20. Qf3
Rab8 21. Rc2 Rb5 22. Re1 Qa5 23. Qe2 Qxa2 24. Nxf7 Rcb8 25. Qxe6 Rxb2 26. Ng5+
Kh8 27. Rxb2 Qxb2 28. Qxc4 Qd2 29. Nf3 Qf4 30. Qd3 a5 31. Ne5 Kg8 32. Nxg6 Qd6
33. h3 a4 34. Ne7+ Kf8 35. Qc4 g5 36. Qxa4 Ne4 37. Qc2  1-0

[Event "NOE Landesliga 2017/2018"]
[Site "verschiedene"]
[Date "2018.02.18"]
[Round "8"]
[Board "1"]
[White "Wagner, Stefan"]
[Black "Weinzettl, Ernst"]
[Result "1/2-1/2"]
[WhiteElo "2150"]
[BlackElo "2278"]
[PlyCount "61"]
[EventDate "2017.10.01"]
[EventType "team"]
[EventRounds "11"]
[EventCountry "AUT"]
[WhiteTeam "SG Litschau/Eisgarn"]
[BlackTeam "ASVOE VHS Poechlarn"]

1. c4 e6 2. g3 d5 3. Bg2 c5 4. Nf3 Nc6 5. cxd5 exd5 6. d4 c4 7. O-O Bb4 8. b3
cxb3 9. axb3 Nge7 10. Ba3 Bxa3 11. Rxa3 Qd6 12. Qc1 O-O 13. Nc3 Bg4 14. Nb5 Qf6
15. Qc5 a6 16. Nc3 Rfd8 17. Rd1 Rac8 18. b4 Qe6 19. Qb6 Bxf3 20. exf3 Qd6 21.
Rb3 Qg6 22. b5 axb5 23. Nxb5 Rb8 24. f4 h6 25. Re3 Nf5 26. Ree1 Qf6 27. Nc7
Nfe7 28. h4 Rd6 29. Nb5 Rdd8 30. Nc7 Rd6 31. Nb5  1/2-1/2

[Event "NOE Landesliga 2017/2018"]
[Site "verschiedene"]
[Date "2018.02.18"]
[Round "8"]
[Board "2"]
[White "Loeffler, Stefan"]
[Black "Plasil, Jiri"]
[Result "1-0"]
[WhiteElo "2372"]
[BlackElo "2069"]
[PlyCount "69"]
[EventDate "2017.10.01"]
[EventType "team"]
[EventRounds "11"]
[EventCountry "AUT"]
[WhiteTeam "ASVOE VHS Poechlarn"]
[BlackTeam "SG Litschau/Eisgarn"]

1. d4 d5 2. Bf4 e6 3. e3 Bd6 4. Bxd6 Qxd6 5. Qg4 Qf8 6. Nc3 c6 7. O-O-O Nd7 8.
Qg3 Ngf6 9. f3 g6 10. e4 Nb6 11. h4 Qe7 12. Bd3 Nh5 13. Qh2 Ng7 14. g4 h5 15.
Qe5 Rg8 16. Nh3 Bd7 17. Qc7 Bc8 18. Qf4 Kd8 19. Qh6 Bd7 20. Nf4 Qf8 21. Qg5+
Kc7 22. gxh5 gxh5 23. Qe5+ Kc8 24. Nxh5 Nxh5 25. Qxh5 Rh8 26. Qe5 Be8 27. exd5
Nxd5 28. Ne4 b6 29. c4 Nb4 30. d5 exd5 31. cxd5 cxd5 32. Nd6+ Kd8 33. Rhe1 f6
34. Qf4 Bc6 35. Qxb4  1-0

[Event "NOE Landesliga 2017/2018"]
[Site "verschiedene"]
[Date "2018.02.18"]
[Round "8"]
[Board "3"]
[White "Schuh, Patrick"]
[Black "Ganaus, Hannes"]
[Result "0-1"]
[WhiteElo "2088"]
[BlackElo "2239"]
[PlyCount "135"]
[EventDate "2017.10.01"]
[EventType "team"]
[EventRounds "11"]
[EventCountry "AUT"]
[WhiteTeam "SG Litschau/Eisgarn"]
[BlackTeam "ASVOE VHS Poechlarn"]

1. d4 Nf6 2. Bf4 c5 3. e3 Nd5 4. Bg3 Qb6 5. b3 cxd4 6. Qxd4 Qxd4 7. exd4 d6 8.
a3 Nc6 9. Bb5 Bd7 10. Nf3 g6 11. c4 Nc7 12. d5 Bg7 13. Ra2 Nd4 14. Nxd4 Bxd4
15. Bxd7+ Kxd7 16. Nd2 b5 17. Nf3 Bf6 18. Bh4 Bxh4 19. Nxh4 bxc4 20. bxc4 Rab8
21. Kd2 Na6 22. Nf3 e5 23. dxe6+ fxe6 24. Nd4 Nc5 25. f3 a6 26. Re1 Rhf8 27.
Re3 Rf4 28. Kc3 Na4+ 29. Kd3 Nb2+ 30. Kc2 Rxd4 31. Rxb2 Rxc4+ 32. Kb1 Rxb2+ 33.
Kxb2 Rc5 34. Re4 Rg5 35. g4 Rb5+ 36. Kc3 Rc5+ 37. Kb4 g5 38. f4 gxf4 39. Rxf4
h5 40. h4 hxg4 41. Rxg4 Rh5 42. Kc3 Kc6 43. Ra4 a5 44. Rg4 d5 45. Ra4 Kb5 46.
Rg4 Rf5 47. Rg3 Kc5 48. Rh3 Rh5 49. Kd3 Kd6 50. Ke3 Ke5 51. Rh1 d4+ 52. Kf3 Kf5
53. Kg3 e5 54. Rb1 d3 55. Rb8 Ke4 56. Rd8 Rh7 57. Rd6 Ke3 58. Kg4 e4 59. h5 d2
60. Kg5 Rg7+ 61. Kf6 Rg1 62. h6 d1=Q 63. Rxd1 Rxd1 64. h7 Rh1 65. Kg7 Kd3 66.
a4 e3 67. h8=Q Rxh8 68. Kxh8  0-1

[Event "NOE Landesliga 2017/2018"]
[Site "verschiedene"]
[Date "2018.02.18"]
[Round "8"]
[Board "4"]
[White "Ernst, Michael"]
[Black "Popelka, Oldrich"]
[Result "1/2-1/2"]
[WhiteElo "2135"]
[BlackElo "2123"]
[PlyCount "87"]
[EventDate "2017.10.01"]
[EventType "team"]
[EventRounds "11"]
[EventCountry "AUT"]
[WhiteTeam "ASVOE VHS Poechlarn"]
[BlackTeam "SG Litschau/Eisgarn"]

1. d4 Nf6 2. c4 g6 3. Nc3 Bg7 4. e4 d6 5. h3 O-O 6. Nf3 c5 7. d5 e6 8. Bd3 exd5
9. cxd5 Re8 10. O-O a6 11. a4 Nbd7 12. Re1 Qe7 13. Bf4 Nh5 14. Bh2 Ne5 15. Be2
Nxf3+ 16. Bxf3 Be5 17. Bxh5 Bxh2+ 18. Kxh2 Qe5+ 19. g3 Qxh5 20. Qxh5 gxh5 21.
f4 f6 22. Re3 Bd7 23. Rae1 Kg7 24. a5 Bb5 25. e5 dxe5 26. fxe5 fxe5 27. Rxe5
Rxe5 28. Rxe5 Rf8 29. Ne4 Rf3 30. Re7+ Rf7 31. Rxf7+ Kxf7 32. Kg2 Ke7 33. Kf3
Bc4 34. Ke3 Bxd5 35. Nxc5 Kd6 36. Kd4 Bg2 37. h4 Kc6 38. b4 Kb5 39. Kc3 Kc6 40.
Nd3 Kb5 41. Ne5 Bh3 42. Nf3 Kc6 43. Kd4 Kb5 44. Kc3  1/2-1/2

[Event "NOE Landesliga 2017/2018"]
[Site "verschiedene"]
[Date "2018.02.18"]
[Round "8"]
[Board "3"]
[White "Wadsack, Winfried"]
[Black "Lovrinovic, Christian"]
[Result "1-0"]
[WhiteElo "2127"]
[BlackElo "2139"]
[PlyCount "91"]
[EventDate "2017.10.01"]
[EventType "team"]
[EventRounds "11"]
[EventCountry "AUT"]
[WhiteTeam "SV Amstetten"]
[BlackTeam "KSV Boehlerwerk"]

1. e4 c5 2. c3 d6 3. d4 Nf6 4. Bd3 Nc6 5. Nf3 g6 6. d5 Ne5 7. Nxe5 dxe5 8. O-O
Bg7 9. Be3 Nd7 10. Bb5 Qc7 11. Nd2 O-O 12. a4 Nf6 13. f3 e6 14. dxe6 Bxe6 15.
Qe2 Nh5 16. g3 Rac8 17. Bc4 Qe7 18. Kg2 Rfd8 19. Rfd1 Bf8 20. Bxe6 Qxe6 21. Nc4
h6 22. b3 Kh7 23. Rxd8 Rxd8 24. Rd1 Rxd1 25. Qxd1 Nf6 26. Qd8 Nd7 27. Qa8 Qa6
28. Qc8 Qc6 29. Qxc6 bxc6 30. Na5 Nb8 31. Kf2 Be7 32. Ke2 f5 33. Kd3 Bd8 34.
Nb7 Be7 35. Nxc5 a6 36. b4 h5 37. a5 Kg8 38. Ne6 Bd6 39. Bc5 Bxc5 40. Nxc5 Kf7
41. h4 Ke7 42. Kc4 Kd6 43. Kb3 Ke7 44. c4 Kf6 45. Nd3 Nd7 46. b5  1-0

[Event "NOE Landesliga 2017/2018"]
[Site "verschiedene"]
[Date "2018.02.18"]
[Round "8"]
[Board "4"]
[White "Ebner, Johann"]
[Black "Rechberger, Franz"]
[Result "1-0"]
[WhiteElo "2074"]
[BlackElo "2134"]
[PlyCount "63"]
[EventDate "2017.10.01"]
[EventType "team"]
[EventRounds "11"]
[EventCountry "AUT"]
[WhiteTeam "KSV Boehlerwerk"]
[BlackTeam "SV Amstetten"]

1. d4 Nf6 2. c4 e6 3. Nf3 d5 4. Nc3 dxc4 5. e3 c5 6. Bxc4 Be7 7. O-O O-O 8. Qe2
Nc6 9. dxc5 Bxc5 10. Rd1 Qc7 11. a3 a6 12. b4 Bd6 13. Bb2 Bd7 14. Rac1 Rac8 15.
Ba2 Qb8 16. Bb1 Rfd8 17. h3 Be8 18. Ng5 Ne5 19. Nce4 Nxe4 20. Nxe4 Be7 21. Nc5
Bf6 22. f4 Bb5 23. Rxd8+ Rxd8 24. Qc2 Ng6 25. Bxf6 gxf6 26. Ne4 Qa7 27. Nxf6+
Kg7 28. Qc3 e5 29. Bxg6 hxg6 30. Qxe5 Kf8 31. Rc7 Rd1+ 32. Kh2  1-0

[Event "NOE Landesliga 2017/2018"]
[Site "verschiedene"]
[Date "2018.02.18"]
[Round "8"]
[Board "1"]
[White "Groetz, Harald"]
[Black "Blohberger, Felix"]
[Result "1/2-1/2"]
[WhiteElo "2335"]
[BlackElo "2335"]
[PlyCount "138"]
[EventDate "2017.10.01"]
[EventType "team"]
[EventRounds "11"]
[EventCountry "AUT"]
[WhiteTeam "SV Stockerau"]
[BlackTeam "ASK Kottingbrunn"]

1. Nf3 Nf6 2. g3 b6 3. Bg2 Bb7 4. b3 e5 5. d3 g6 6. Bb2 d6 7. O-O Bg7 8. e4 O-O
9. Nc3 Nc6 10. Nd2 Nh5 11. Ne2 Qd7 12. f4 exf4 13. Bxg7 Nxg7 14. Nxf4 Ne7 15.
Nf3 Rae8 16. Qd2 d5 17. exd5 Nxd5 18. Rae1 Nxf4 19. Qxf4 Ne6 20. Qd2 Bxf3 21.
Rxf3 Nd4 22. Rfe3 c5 23. c3 Nb5 24. a4 Nc7 25. Re4 Rxe4 26. Rxe4 Rd8 27. Bf1
Qd5 28. Qf4 Ne6 29. Qf6 Re8 30. b4 cxb4 31. Rxb4 Rc8 32. Rb5 Qc6 33. c4 Rd8 34.
Bg2 Qc7 35. Bd5 Re8 36. d4 Qd8 37. Qxd8 Rxd8 38. Bxe6 fxe6 39. d5 exd5 40. cxd5
Kf7 41. a5 Rd6 42. axb6 axb6 43. Kf2 Kf6 44. Ke2 Ke5 45. Ke3 g5 46. g4 Rh6 47.
d6+ Ke6 48. Rxb6 Rxh2 49. Rb5 h6 50. Rd5 Kd7 51. Rd4 Rg2 52. Kf3 Rg1 53. Kf2
Rc1 54. Kf3 Rf1+ 55. Kg3 Rf6 56. Ra4 Rxd6 57. Ra5 Rd3+ 58. Kg2 Ke6 59. Ra6+ Rd6
60. Ra5 Kf6 61. Rb5 Rd2+ 62. Kg3 Rd3+ 63. Kg2 Ke6 64. Ra5 Rd5 65. Ra6+ Ke5 66.
Rxh6 Kf4 67. Rf6+ Kxg4 68. Rf2 Rd3 69. Ra2 Kh4  1/2-1/2

[Event "NOE Landesliga 2017/2018"]
[Site "verschiedene"]
[Date "2018.02.18"]
[Round "8"]
[Board "3"]
[White "Batyte, Daiva"]
[Black "Morgunov, Marc"]
[Result "0-1"]
[WhiteElo "2214"]
[BlackElo "2199"]
[PlyCount "92"]
[EventDate "2017.10.01"]
[EventType "team"]
[EventRounds "11"]
[EventCountry "AUT"]
[WhiteTeam "SV Stockerau"]
[BlackTeam "ASK Kottingbrunn"]

1. c4 Nf6 2. Nc3 g6 3. g3 Bg7 4. Bg2 O-O 5. e3 e5 6. Nge2 d6 7. O-O c6 8. d4
Re8 9. dxe5 dxe5 10. Qxd8 Rxd8 11. e4 Bg4 12. h3 Bxe2 13. Nxe2 Na6 14. Be3 Bf8
15. Rad1 Bc5 16. Bg5 Kg7 17. a3 Be7 18. b4 c5 19. b5 Nc7 20. Nc3 Rd4 21. Bxf6+
Bxf6 22. Rxd4 cxd4 23. Nd5 Rc8 24. Nxf6 Kxf6 25. f4 Ne6 26. f5 Nc5 27. fxg6+
Kxg6 28. h4 Nb3 29. h5+ Kg7 30. h6+ Kg6 31. g4 f6 32. Rf5 d3 33. g5 d2 34.
Rxf6+ Kxg5 35. Rf5+ Kxh6 36. Bf3 Nd4 37. Rh5+ Kg6 38. Bd1 Rxc4 39. Kf2 Rc1 40.
Rh1 Nxb5 41. Rg1+ Kf6 42. Ke3 Nc3 43. Rf1+ Ke7 44. Rh1 Rxd1 45. Rxh7+ Kd6 46.
Kd3 Rh1  0-1

[Event "NOE Landesliga 2017/2018"]
[Site "verschiedene"]
[Date "2018.02.18"]
[Round "8"]
[Board "4"]
[White "Wirius, Johannes"]
[Black "Schmid, Thomas"]
[Result "1/2-1/2"]
[WhiteElo "2191"]
[BlackElo "2103"]
[PlyCount "102"]
[EventDate "2017.10.01"]
[EventType "team"]
[EventRounds "11"]
[EventCountry "AUT"]
[WhiteTeam "ASK Kottingbrunn"]
[BlackTeam "SV Stockerau"]

1. e4 c5 2. b3 Nc6 3. Bb2 d6 4. Nf3 Nf6 5. e5 dxe5 6. Nxe5 Nxe5 7. Bxe5 e6 8.
Bb5+ Bd7 9. Nc3 Be7 10. Qf3 a6 11. Bxd7+ Qxd7 12. O-O O-O 13. Rad1 Rac8 14. d3
Nd5 15. Rfe1 f6 16. Nxd5 Qxd5 17. Qxd5 exd5 18. Bg3 Kf7 19. c4 Rfd8 20. Kf1 Bd6
21. Re3 Bxg3 22. hxg3 dxc4 23. bxc4 Rd7 24. Rb1 Rc6 25. Ke2 Rcd6 26. Rb3 Rd4
27. Rb1 Kg6 28. Rb3 Kf7 29. a4 h5 30. Rb1 R4d6 31. a5 g6 32. Kd2 b6 33. axb6
Rb7 34. Ree1 Rdxb6 35. Rxb6 Rxb6 36. Ra1 Ke6 37. Kc3 Kd6 38. d4 cxd4+ 39. Kxd4
Kc6 40. Ra5 Kb7 41. Ra2 Kc6 42. Ra3 Kb7 43. Ra2 Kc6 44. f3 Kb7 45. Kd5 Rb3 46.
c5 g5 47. c6+ Kb6 48. Rc2 Kc7 49. Ke4 Rb6 50. Kd5 Rb3 51. Ke4 Rb5  1/2-1/2

[Event "NOE Landesliga 2017/2018"]
[Site "verschiedene"]
[Date "2018.03.04"]
[Round "9"]
[Board "1"]
[White "Morgunov, Daniel"]
[Black "Sandhoefner, Florian"]
[Result "1/2-1/2"]
[WhiteElo "2149"]
[BlackElo "2267"]
[PlyCount "50"]
[EventDate "2017.10.01"]
[EventType "team"]
[EventRounds "11"]
[EventCountry "AUT"]
[WhiteTeam "ASK Kottingbrunn"]
[BlackTeam "SV Amstetten"]

1. e4 c5 2. Nf3 d6 3. d3 Nc6 4. g3 g6 5. Bg2 Bg7 6. O-O e6 7. c3 Nge7 8. d4
cxd4 9. cxd4 d5 10. e5 f6 11. exf6 Bxf6 12. Nc3 Nf5 13. Ne2 Qb6 14. b3 Ncxd4
15. Nexd4 Nxd4 16. Be3 Nxf3+ 17. Qxf3 Qd8 18. Bh6 Kf7 19. Rac1 Re8 20. h4 Bd7
21. h5 Bc6 22. g4 Kg8 23. hxg6 hxg6 24. Qd3 Kf7 25. Qf3 Kg8  1/2-1/2

[Event "NOE Landesliga 2017/2018"]
[Site "verschiedene"]
[Date "2018.03.04"]
[Round "9"]
[Board "2"]
[White "Rumpl, Erwin"]
[Black "Wirius, Johannes"]
[Result "1/2-1/2"]
[WhiteElo "2295"]
[BlackElo "2191"]
[PlyCount "99"]
[EventDate "2017.10.01"]
[EventType "team"]
[EventRounds "11"]
[EventCountry "AUT"]
[WhiteTeam "SV Amstetten"]
[BlackTeam "ASK Kottingbrunn"]

1. Nf3 g6 2. g3 Bg7 3. Bg2 c5 4. O-O Nc6 5. c4 d6 6. Nc3 Bd7 7. b3 a6 8. Bb2 b5
9. Qc1 bxc4 10. bxc4 Rb8 11. Rb1 e5 12. Nd5 Nge7 13. Nxe7 Qxe7 14. Bc3 O-O 15.
Qa3 a5 16. d3 Nb4 17. Nd2 Rb6 18. Qxa5 Ra6 19. Qc7 Nxa2 20. Qb7 Rfa8 21. Bb2
Qd8 22. Ra1 R8a7 23. Qb3 Rb6 24. Qc2 Qb8 25. Bc1 Rba6 26. Qb1 Qc7 27. Bb2 Qa5
28. Nb3 Qb4 29. Nc1 Rb6 30. Nxa2 Qxb2 31. Qxb2 Rxb2 32. Nc3 Rxa1 33. Rxa1 Rc2
34. Ne4 h6 35. Nxd6 Bf8 36. Ne4 Kg7 37. Bf3 Bh3 38. Rd1 Be7 39. e3 f5 40. Nd2
g5 41. e4 g4 42. Bg2 Bxg2 43. Kxg2 Bg5 44. Nb3 Be3 45. exf5 Rxf2+ 46. Kh1 Rxf5
47. Nd2 Bxd2 48. Rxd2 Rf3 49. Kg2 Kg6 50. Rd1  1/2-1/2

[Event "NOE Landesliga 2017/2018"]
[Site "verschiedene"]
[Date "2018.03.04"]
[Round "9"]
[Board "3"]
[White "Lechner, Daniel"]
[Black "Rechberger, Franz"]
[Result "1/2-1/2"]
[WhiteElo "2192"]
[BlackElo "2134"]
[PlyCount "37"]
[EventDate "2017.10.01"]
[EventType "team"]
[EventRounds "11"]
[EventCountry "AUT"]
[WhiteTeam "ASK Kottingbrunn"]
[BlackTeam "SV Amstetten"]

1. d4 d5 2. c4 c6 3. Nf3 Nf6 4. e3 g6 5. Nc3 Bg7 6. Bd3 O-O 7. O-O Nbd7 8. h3
Re8 9. cxd5 Nxd5 10. Qb3 e6 11. Rd1 Qb6 12. Bc4 Qxb3 13. Bxb3 Nxc3 14. bxc3 c5
15. Ba3 cxd4 16. cxd4 Nb6 17. Ne5 Bxe5 18. dxe5 Bd7 19. Rd4  1/2-1/2

[Event "NOE Landesliga 2017/2018"]
[Site "verschiedene"]
[Date "2018.03.04"]
[Round "9"]
[Board "4"]
[White "Wadsack, Wolfgang"]
[Black "Haas, Bernhard"]
[Result "1-0"]
[WhiteElo "2161"]
[BlackElo "2002"]
[PlyCount "61"]
[EventDate "2017.10.01"]
[EventType "team"]
[EventRounds "11"]
[EventCountry "AUT"]
[WhiteTeam "SV Amstetten"]
[BlackTeam "ASK Kottingbrunn"]

1. e4 e6 2. d4 d5 3. Nc3 Bb4 4. Bd2 dxe4 5. Qg4 Nf6 6. Qxg7 Rg8 7. Qh6 Qxd4 8.
O-O-O Bf8 9. Qh4 Rg4 10. Qh3 Qxf2 11. Be2 Rh4 12. Qxh4 Qxh4 13. g3 Qh6 14. Bxh6
Bxh6+ 15. Kb1 Bd7 16. Nh3 e5 17. Rhf1 Ng4 18. Rxd7 Nxd7 19. Bxg4 Nb6 20. Nxe4
Nc4 21. Bh5 O-O-O 22. Rxf7 Rd4 23. Nhf2 Nd2+ 24. Nxd2 Rxd2 25. Bg4+ Kd8 26. a3
Be3 27. Ne4 Rxh2 28. Rd7+ Ke8 29. Nf6+ Kf8 30. Be6 Rh5 31. Rf7#  1-0

[Event "NOE Landesliga 2017/2018"]
[Site "verschiedene"]
[Date "2018.03.04"]
[Round "9"]
[Board "1"]
[White "Lovrinovic, Christian"]
[Black "Bauer, Thomas"]
[Result "1/2-1/2"]
[WhiteElo "2139"]
[BlackElo "2178"]
[PlyCount "99"]
[EventDate "2017.10.01"]
[EventType "team"]
[EventRounds "11"]
[EventCountry "AUT"]
[WhiteTeam "KSV Boehlerwerk"]
[BlackTeam "SG Litschau/Eisgarn"]

1. d4 g6 2. c4 Bg7 3. Nf3 c5 4. d5 e6 5. e4 d6 6. Nc3 exd5 7. exd5 Qe7+ 8. Be2
Bg4 9. O-O Nh6 10. Re1 O-O 11. Bg5 f6 12. Bd3 Qd8 13. Bxh6 Bxh6 14. h3 Bxf3 15.
Qxf3 Nd7 16. Qg3 Ne5 17. Bf1 f5 18. f4 Nd7 19. Re6 Nf6 20. Be2 a6 21. Qh4 Bg7
22. Bf3 Qb6 23. Rb1 Rad8 24. Qe1 Qb4 25. Qe2 b5 26. a3 Qxc4 27. Qxc4 bxc4 28.
g3 Rb8 29. Kg2 Ne8 30. Ree1 Rxb2+ 31. Rxb2 Bxc3 32. Rxe8 Bxb2 33. Rxf8+ Kxf8
34. a4 h5 35. Be2 c3 36. Bd3 Ke7 37. Kf3 Kf6 38. g4 h4 39. gxf5 gxf5 40. Bc2
Bc1 41. Bd3 Bd2 42. Bc2 Bc1 43. Bd3 Ba3 44. Bc2 Bb4 45. Bd3 Ba5 46. Ke2 c4 47.
Bc2 Bb6 48. Kf3 Bg1 49. Kg2 Be3 50. Kf3  1/2-1/2

[Event "NOE Landesliga 2017/2018"]
[Site "verschiedene"]
[Date "2018.03.04"]
[Round "9"]
[Board "2"]
[White "Plasil, Jiri"]
[Black "Hellmayr, Alois"]
[Result "0-1"]
[WhiteElo "2069"]
[BlackElo "2238"]
[PlyCount "98"]
[EventDate "2017.10.01"]
[EventType "team"]
[EventRounds "11"]
[EventCountry "AUT"]
[WhiteTeam "SG Litschau/Eisgarn"]
[BlackTeam "KSV Boehlerwerk"]

1. Nf3 c5 2. e4 e6 3. Nc3 a6 4. g3 Nc6 5. Bg2 d6 6. O-O Nf6 7. d3 Be7 8. Ne2
O-O 9. c3 Rb8 10. Qc2 b5 11. d4 cxd4 12. Nfxd4 Nxd4 13. Nxd4 Bd7 14. Rd1 Qc7
15. Qe2 Rfc8 16. Nc2 a5 17. Bd2 Be8 18. Ne3 Bc6 19. f3 Rd8 20. Rac1 d5 21. exd5
Nxd5 22. Kh1 Qb7 23. a3 Rd7 24. Ng4 Bd6 25. Rf1 Ne7 26. Be1 Rbd8 27. f4 Nf5 28.
Bxc6 Qxc6+ 29. Qf3 Qc4 30. Bf2 Bc7 31. Rcd1 h5 32. Ne5 Bxe5 33. fxe5 g6 34. Kg1
a4 35. Rxd7 Rxd7 36. Rd1 Rxd1+ 37. Qxd1 Qe4 38. Qe1 Qc2 39. Bc5 g5 40. Qf2 Qb1+
41. Qf1 Qxb2 42. Qd3 Kh7 43. h3 g4 44. hxg4 hxg4 45. Bf2 Qxa3 46. Qxb5 Qc1+ 47.
Kg2 a3 48. Qe2 Qb2 49. Qxg4 Ne3+  0-1

[Event "NOE Landesliga 2017/2018"]
[Site "verschiedene"]
[Date "2018.03.04"]
[Round "9"]
[Board "3"]
[White "Mostbauer, Florian"]
[Black "Popelka, Oldrich"]
[Result "1-0"]
[WhiteElo "2265"]
[BlackElo "2123"]
[PlyCount "73"]
[EventDate "2017.10.01"]
[EventType "team"]
[EventRounds "11"]
[EventCountry "AUT"]
[WhiteTeam "KSV Boehlerwerk"]
[BlackTeam "SG Litschau/Eisgarn"]

1. d4 Nf6 2. Bf4 d5 3. e3 e6 4. Nf3 Bd6 5. Ne5 O-O 6. Nd2 c5 7. c3 b6 8. Bg3
Qc7 9. Bd3 Ba6 10. Qe2 Bxd3 11. Nxd3 Nbd7 12. Bxd6 Qxd6 13. f4 Ne4 14. Nxe4
dxe4 15. Ne5 Rad8 16. Rd1 Nxe5 17. fxe5 Qd5 18. O-O f5 19. exf6 Rxf6 20. Qg4
Rxf1+ 21. Rxf1 Qxa2 22. Qxe4 Qd5 23. Qf4 Qd7 24. Qg5 c4 25. e4 b5 26. Ra1 Rf8
27. Qe5 Qf7 28. h3 Qf2+ 29. Kh2 Rf3 30. Rxa7 Rf6 31. Ra8+ Kf7 32. Rb8 Qxb2 33.
Qc7+ Kg6 34. Qg3+ Kh6 35. Rb7 Qf2 36. Qxg7+ Kh5 37. Rxb5+  1-0

[Event "NOE Landesliga 2017/2018"]
[Site "verschiedene"]
[Date "2018.03.04"]
[Round "9"]
[Board "4"]
[White "Ptacnik, Pavel"]
[Black "Strobel, Ferdinand"]
[Result "1-0"]
[WhiteElo "2102"]
[BlackElo "2036"]
[PlyCount "72"]
[EventDate "2017.10.01"]
[EventType "team"]
[EventRounds "11"]
[EventCountry "AUT"]
[WhiteTeam "SG Litschau/Eisgarn"]
[BlackTeam "KSV Boehlerwerk"]

1. d4 d6 2. Nf3 f5 3. e3 Nf6 4. b3 g6 5. Bb2 Bg7 6. Be2 c6 7. O-O O-O 8. c4 Kh8
9. Nbd2 Be6 10. Qc2 Nbd7 11. Ng5 Bg8 12. e4 fxe4 13. Ndxe4 Nxe4 14. Nxe4 Nf6
15. Rad1 Qd7 16. Nxf6 exf6 17. d5 cxd5 18. cxd5 Rac8 19. Qd3 Rfe8 20. Bf3 f5
21. Bd4 a6 22. Rfe1 Bxd4 23. Qxd4+ Qg7 24. Qb4 Rxe1+ 25. Qxe1 h6 26. Qb4 Rc7
27. Qxd6 Rd7 28. Qb8 g5 29. h3 Kh7 30. Re1 Rc7 31. Re8 Rd7 32. b4 h5 33. g3 g4
34. hxg4 hxg4 35. Bg2 Qf7 36. a4 Kg6  1-0